000 00941nam a2200289 i 4500
003 EG-GICUC
005 20260121101217.0
008 251113s1946 fr d|||f |||| 000 0 fre d
040 _aEG-GiCUC
_bfre
_cEG-GiCUC
_dEG-GiCUC
_eRda
041 0 _afre
082 0 4 _221
_a338.9
_bCH . R
092 0 4 _221
099 _aLaw1 13 338.9 CH . R 1946
100 1 _aCharvet, Michel
_eAuteur
245 1 0 _aRéformes De Structure \
_cMichel Charvet.
264 _aParis :
_bÉditions Domat Montchrestien,
_c1946.
300 _a116 page :
_billustrations, tableaux, graphiques
_c 18 cm.
336 _2rda contenu
_a texte
337 _2rda medias
_aOrdinateur
338 _2 transporteur rda
_a Ressource en ligne
546 _aTexte en français
650 1 _aFinances publiques et législation fiscale
_2qrmak
651 1 _2qrmak
856 4 0 _uhttps://fll.law.cu.edu.eg/fulltext/bks/B13-07476.pdf
905 _a70
942 _2ddc
_cBK
_e21
_n0
999 _c43029
_d43029